书目信息 |
| 题名: |
人机工程学
|
|
| 作者: | 赖维铁 | |
| 分册: | ||
| 出版信息: | 武汉 华中科技大学出版社 1997 |
|
| 页数: | 373 | |
| 开本: | 26cm | |
| 丛书名: | ||
| 单 册: | ||
| 中图分类: | S34 | |
| 科图分类: | ||
| 主题词: | 农学 | |
| 电子资源: | ||
| ISBN: | 7-5609-1467-5 | |
| 000 | 00508nam0 2200181 450 | |
| 001 | 0729297901 | |
| 005 | 20071003080817.90 | |
| 010 | @a7-5609-1467-5@d¥16.00 | |
| 100 | @a20071003d km y0chiy0120 ea | |
| 101 | 0 | @achi |
| 200 | 1 | @a人机工程学@Aren ji gong cheng xue@f赖维铁@Flai wei tie |
| 210 | @a武汉@c华中科技大学出版社@d1997 | |
| 215 | @a373@d26cm | |
| 606 | 0 | @a农学 |
| 690 | @aS34@v4 | |
| 701 | 0 | @a赖维铁@Alai wei tie |
| 801 | 0 | @aCN@b大连网信软件有限公司图书馆·11@c20071003 |
| 905 | @a213230@dS34@eM1 | |
| 人机工程学/赖维铁.-武汉:华中科技大学出版社,1997 |
| 373;26cm |
| ISBN 7-5609-1467-5:¥16.00 |
| ● |
| 相关链接 |
|
|
|
|
正题名:人机工程学
索取号:S34/M1
 
预约/预借
| 序号 | 登录号 | 条形码 | 馆藏地/架位号 | 状态 | 备注 |
| 1 | 6400803 | 264008031 | 密集书库-美术系/ [索取号:S34/M1] | 在馆 |